| 000 | 00841nam a22002297a 4500 | ||
|---|---|---|---|
| 005 | 20100813150919.0 | ||
| 008 | 090109t xxu||||| |||| 00| 0urd d | ||
| 010 | _a UR-7710 | ||
| 020 | _c150.00 | ||
| 035 | _aU-6265 | ||
| 040 |
_adpl _burd |
||
| 082 | _a841 | ||
| 100 |
_aعطا عابدی _912785 |
||
| 245 |
_aافکار عقیدت _cعطاعابدی _bحمد، نعت، و دیگر نظمیں / |
||
| 246 |
_aAfkar-e- Aqeedat / _bby Ata Abidi |
||
| 260 |
_aدلی _bمکتبہ افکار _c2008 |
||
| 270 |
_aMahall Fakiran Khan, Urdu Bazar _bDarbhanga (Bihar) _e846004 |
||
| 300 |
_a160 ص _c22 س م (HB) |
||
| 650 |
_2critisim _912786 |
||
| 942 |
_2ddc _cUR _h841 _mع ط ا |
||
| 999 |
_c41696 _d41696 |
||